000 00356cam a22001337a 4500
008 180718b1959 xxu||||| |||| 00| 0 eng d
082 _aA6x56 M913
100 _aMuller, Herbert J.
245 _aLoom of history
_cby Herbert J. Muller
260 _aLondon
_bMuseum Press
_c1959
300 _a433p.
650 _aCivilization
650 _aAsia, West - History
999 _c374429
_d374429